000
00211 a2200097 4500
001
5748
100
_a
Smith,SP
245
_a
Problems in electrical engineering
260
_a
_b
constable
_c
090
_c
4729
_d
4729
942
_a
NUST-CAE
_c
M
_c
31077
999
_c
240821
_d
240821